000 00639nam a22002417a 4500
003 UA-OsUOA
001 94095
007 ta
008 20130205b un ||||| |||| 00| 0 ukr d
100 _aКуліш П.
090 _a821.161.2
_bК90
942 _cBK
040 _aUA-OsUOA
_bukr
_cUA-OsUOA
_dUA-OsUOA
245 _aЧорна рада: Хроніка 1663 року
_bОповідання
300 _a164 с.
955 _a2
041 _aukr
080 _a821.161.2
260 _aК.
_bДержвид
_c1944
044 _aUA
650 7 _a82 Література. Літературознавство
_2UDC
999 _c380328
_d380328